000 00999pam a2200277 i 4500
001 016117506
003 EG-ScBUE
005 20250526105424.0
008 120628s2013 e a f b f001 0 eng d
020 _a9780521147163 (paper back)
040 _aEG-ScBUE
_beng
_erda
_cEG-ScBUE
_dEG-ScBUE
082 0 4 _a531.1133
_222
_bFRE
100 1 _aFreegarde, Tim,
_d1965-
_932428
_eauthor.
245 1 0 _aIntroduction to the physics of waves /
_cTim Freegarde, University of Southampton.
264 1 _aCambridge, United Kingdom :
_bCambridge University Press,
_c2013.
300 _axiv, 296 pages :
_billustrations ;
_c26 cm
336 _2rdacontent
_atext
_btxt
337 _aunmediated
_2rdamedia
_bn
338 _avolume
_bnc
_2rdacarrier
504 _aIncludes bibliographical references and index.
650 7 _aWaves
_vTextbooks.
_932429
_2BUEsh
650 7 _aWave-motion, Theory of
_vTextbooks.
_932430
_2BUEsh
653 _cFebruary2013
_cJanuary2015
_bENGELC
655 _vReading book
942 _2ddc
_cBB
999 _c17243
_d17215